1404 1102 1931 1096 1620 1793 1203 1533 1317 1577 1561 1744 1916 1007 1313 1750 1893 1560 1251 1857 1686 1187 1033 1525 1956 1615 1617 1777 1224 1734 1976 1255 1336 1693 1470 1458 1198 1045 1367 1584 1673 1839 1557 1822 1399 1318 1039 1244 1388 1964 1486 1014 1067 1917 1630 1757 1699 1592 1210 1036 1970 1986 1929 1386 1166 1174 1772 1337 1248 1274 1755 1180 1626 1710 1186 1446 1101 1165 1662 1345 1901 1481 1709 1511 1073 1835 1816 1282 1788 1277 1739 1129 1155 1870 1845 1645 1735 1416 1946 BCNSPRNW ULIB Ver.6.0+V

เปลี่ยนเป็นภาษาไทย

Change to English
 แสดงรายละเอียดบรรณานุกรม
  กลับหน้าหลัก

Brief Record : Get Marc (ISO 2709) : E-mail record : QR code < ปิดหน้าต่าง
LEADER : 00000nam 2200000uu 4500
001    13399124117
003     ULIB
008    150119s2555||||th 000 0 tha d
020    ^a9786165052191
050  4 ^aCB195^bส747อ ล.2
110 2  ^aมหาวิทยาลัยสุโขทัยธรรมาธิราช.^bสาขาวิชาศิลปศาสตร์
245 10 ^aเอกสารการสอนชุดวิชาอารยธรรมมนุษย์ หน่วยที่6-10=^bHuman civilization /^cสาขาวิชาศิลปศาสตร์มหาวิทยาลัยสุโขทัยธรรมาธิราช
246 30 ^aอารยธรรมมนุษย์
250    ^aพิมพ์ครั้งที่ 6(ฉบับปรับปรุงครั้งที่3)
260    ^aนนทบุรี :^bสาขาวิชาศิลปศาสตร์ มหาวิทยาลัยสุโขทัยธรรมาธิราช,^c2555
300    ^a3 เล่ม :^bภาพประกอบ, แผนที่
505 0  ^aล.2 หน่วยที่ 6-10
650  7 ^aประวัติศาสตร์โลก
650  7 ^aอารยธรรม
945    ^p0^l0^i038413
945    ^p0^l0^i038414
999    ^aเกษร โพธิ์สุวรรณ
รายการนี้ยังไม่มีแท็ก
คุณยังไม่ได้ล็อกอิน คุณสามารถมีกิจกรรมร่วมกับเว็บไซต์ได้ แต่ต้องล็อกอินก่อน ::
  ล็อกอิน

รายการสื่อสารสนเทศ

ลำดับที่ ประเภท เลขเรียก/บาร์โค้ด สถานที่ สถานะ
1. วิทยาศาสตร์การแพทย์ และสุขภาพ
หนังสือสำรอง
สถานะ=หนังสือสำรอง
CB195 ส747อ ล.2 ฉ.1 
  Barcode: 038413
ห้องสมุดวิทยาเขตสวรรค์ประชารักษ์
►หนังสือทั่วไป
บนชั้น
2. วิทยาศาสตร์การแพทย์ และสุขภาพ
วิทยาศาสตร์การแพทย์ และสุขภาพ
CB195 ส747อ ล.2 ฉ.2 
  Barcode: 038414
ห้องสมุดวิทยาเขตสวรรค์ประชารักษ์
►หนังสือทั่วไป
บนชั้น

รายการใกล้เคียง
    หัวเรื่อง [ประวัติศาสตร์โลก]
    หัวเรื่อง [อารยธรรม]

BibComment


ยังไม่เคยถูกคอมเมนท์

คอมเมนท์ทรัพยากรรายการนี้
  คอมเมนท์: เอกสารการสอนชุดว..


 Copyright 2026. Bcnsprnw @Library